Statistics for Eastenders A-Z

Click here to take the quiz!

General Stats

  • This quiz has been taken 59 times
  • The average score is 11 of 26

Answer Stats

HintAnswer% Correct
Fictional borough the soap takes place inWalford
83%
Local pubQueen Vic
78%
Area the soap takes placeAlbert Square
72%
River on the opening sequenceThames
65%
Complete the quote: "You ain't my mutha!"Yes I am!
63%
Religion Janine pretended to be a part of for a sham marriage.Judaism
61%
Sound made for each cliffhanger endingdoof doof
57%
Local grocery shopMinute Mart
57%
Les Coker's jobundertaker
57%
Kim's online personaKimfluencer
54%
Local newspaperGazette
50%
Character who said the above quoteZoe Slater
50%
Day Pat diedNew year
46%
Business Kat's Cabs runs fromLaundrette
41%
"You b****" "You..."Cow!
37%
Vehicle Peggy and Pat got drunk inIce cream van
37%
Dot's famous sayingOh I say!
37%
Local gay barPrince Albert
30%
Name of the night club from 2007-2018R&R
28%
Current name for the salon (2023)Fox and hair
24%
Sharon's tribute to her son in the gymBoxing Den
20%
Name of the restaurant in 2013Scarlett's
13%
Belinda Peacock's name for the Salon.Elysium
4%
Name of the betting shopHeart Bet
4%
criminal character played by Billy MurrayMr X
2%
street where Walford Police Station isVictoria Square
2%

Score Distribution

Percentile by Number Answered

Percent of People with Each Score

Your Score History

You have not taken this quiz